Popularne numery rap/trap tygodnia 14-20.05 Spotify. - Statystyki

Ogólne statystyki
  • Ten quiz został rozwiązany 9 razy
  • Średni wynik to 13 z 30
Statystyki odpowiedzi
Wykonawca Odsłuchania Utwór % Poprawnych
Sobel 1.45M Fiołkowe Pole
100%
Ekipa 410K 3KIPA
89%
Sobel 1.12M Bandyta
78%
Mata 997K Patoreakcja
78%
Wiatr, Sobel, Be Vis 530K Testarossa
78%
Ekipa 601K Chill
67%
Kizo, Wac Toja 682K Nasze Lato
67%
OIO 1.37M Worki W Tłum
67%
OIO 1.02M Amerykańskie Teledyski
56%
Quebonafide, Daria Zawiałow 319K BUBBLETEA
56%
Alberto 354K Dwutakt
56%
OIO 386K Moonwalk
56%
Sobel, Young Igi 515K Nie Teraz
56%
Kizo, Trill Pem 363K Fitness
44%
OIO 443K MVP
44%
OIO 854K Przypadkiem
44%
Reto 327K Billy Kid
33%
Guzior, Oskar83 457K FALA
33%
Sobel 414K Kinol
33%
Chivas, White 2115 493K Mam Na Twarzy Krew I Tym Razem Nie Jest Sztuczna
33%
Białas, White 2115 588K Święto Ogródka
33%
Sobel 449K Alien
22%
Guzior 509K BLUEBERRY
22%
Sobel 458K Impreza
22%
ZetHa, Żabson, Olszakumpel 392K Polskie Ciężkie Trapisko
22%
Avi, Louis Villain 362K AMG
11%
OIO 379K Biggie
11%
Chivas 399K Jakbym Miał W Ręku Klamkę
11%
Tymek, Kuba Karaś, Urbanski 324K Oczko w głowie
11%
Hodak, 2K, Dziarma 341K Nieważne
0%
Nie znaleziono quizów pasujących do podanych kryteriów
Rozkład punktacji
Procent ludzi z każdym wynikiem
Percentyl według liczby udzielonych odpowiedzi
Twoja historia wyników
Nie rozwiązałeś tego quizu